000 01115nas a2200301 4500
001 BR8202258
003 BR-BrBNA
005 20231205085137.0
007 ta
008 230509b bl.|||p| |||| 00| 00por d
040 _aBR-BrBNA
_bpor
_cBiblioteca Nacional de Agricultura
041 _a(Pt)
072 _aF60; F40
100 1 _aMatzenauer, R.
100 1 _aWestphalen, S.L.
100 1 _aBergamaschi, H.
100 1 _aSutili, V.R.
245 1 _aEvapotranspiracao do milho (Zea mays L.)e sua relacao com a evaporacao do tanque classe A [climatologia, Rio Grande do Sul, Brasil]
_bParte de dissertacao
246 1 _a[Evapotranspiration of maize (Zea mays L.)and its relation with evaporation of the class A pond [climatology, Rio Grande do Sul, Brazil]]
_b[Part of dissertation]
650 _aMILHO
650 _aMATURACAO
650 _aEVAPOTRANSPIRACAO
650 _aPRECIPITACAO PLUVIAL
650 _aRIO GRANDE DO SUL
773 0 _tAgronomia Sulriograndense (Brazil)
_xISSN 0400-8111
_g(1981), v. 17(2) p. 273-295
_wBR8202258
909 _a202311
_bLúcia
_c55
_dLúcia Elande
942 _2AGRIS
_n0
_cANA
999 _c109501
_d109501